Top 10 Least Populous Russian Subjects - Statistics

General Stats
  • This quiz has been taken 14 times
  • The average score is 6 of 10
Answer Stats
Population Federal Subject % Correct
47,490 Chukotka AutonomousOkrug
90%
41,434 Nenets AutonomousOkrug
90%
210,924 Altai Republic
70%
150,453 Jewish AutonomousOblast
70%
136,085 Magadan Oblast
70%
466,609 Sakhalin Oblast
70%
291,705 Kamchatka Krai
60%
336,651 Tuva
60%
469,865 Karachay-Cherkessia
30%
267,133 Kalmykia
20%
No matching quizzes found
Score Distribution
Percent of People with Each Score
Percentile by Number Answered
Your Score History
You have not taken this quiz